000 01317nam a2200349 i 4500
001 000016963
003 DO-SdBNP
005 20260310100132.0
007 ta
008 100312s1998 dr r 000 0 spa d
040 _aDO-SdBNP
_bspa
_cBNPHU
_erda
082 4 _a306.097293
_bC957c
_222
100 _aCruz Méndez, Manuel
_eautor
_937495
245 1 0 _aCultura e identidad dominicana :
_buna visión histórico-antropológica /
_cManuel Cruz Méndez.
264 _aSanto Domingo :
_bUniversitaria-UASD,
_c1998.
300 _a156 páginas ;
_c21 cm.
336 _2rdacontent
_atexto
_btxt
337 _2rdamedia
_asin mediación
_bn
338 _2rdacarrier
_avolumen
_bnc
490 1 _aPúblicaciones de la Universidad Autónoma de Santo Domingo ;
_v883
490 1 _aHistoria y sociedad ;
_v89
504 _aBibliografía : p. 145-156.
590 _aInventariado, 2018/MFF
650 0 _aEtnicidad
_dRepública Dominicana
_937458
650 4 _aCultura popular
_dRepública Dominicana
_912597
650 4 _aNacionalismo
_zRepública Dominicana
_914467
650 0 _aFolclore
_zRepública Dominicana
_933448
651 4 _aRepública Dominicana
_xVida religiosa y costumbres
_96935
651 4 _aRepública Dominicana
_xVida social y costumbres
_9405
910 _aValidado. Control de calidad MFF
942 _2ddc
_cLBS1
999 _c16495
_d16495